Normal view
MARC view
- Goldscheider, Calvin
Entry Personal Name
001 - CONTROL NUMBER
- control field: 326020
003 - CONTROL NUMBER IDENTIFIER
- control field: KE-NaSUL
005 - DATE AND TIME OF LATEST TRANSACTION
- control field: 20250829091854.0
008 - FIXED-LENGTH DATA ELEMENTS
- fixed length control field: 250829|| aca||aabn | a|a d
040 ## - CATALOGING SOURCE
- Original cataloging agency: KE-NaSUL
- Transcribing agency: KE-NaSUL
100 ## - HEADING--PERSONAL NAME
- Personal name: Goldscheider, Calvin
670 ## - SOURCE DATA FOUND
- Source citation: Work cat.: (KE-NaSUL)278806: Goldscheider, Calvin., Studying the Jewish future, c2004.